000 04584 a2200229 4500
003 BJBSDDR
005 20260305131135.0
007 ta
008 050326t2019 usa 00| 0 eng d
020 _a9781500657642
040 _bspa
_cBJBSDDR
041 _aeng
050 _b2019
245 4 _aThe Iranian revolution :
_bthe Islamic revolution that reshaped the Middle East /
_cCharles River Editors.
260 _aEstados Unidos :
_bCharles River Editors,
_c2019.
300 _a[60] Pg̀ina :
_billustration ;
_c23 cm.
500 _a"Made in the USA, San Bernardino, CA, 22 December 2016"--Inside back cover
520 _a
710 _aCharles River Editors
_947338
942 _2lcc
_cBK
_n0
946 _idpf
999 _c126522
_d126522